Cómo colaborar con la orientación vocacional de los jóvenes : herramientas para orientadores, profesores y padres /

Guardado en:
Autor Principal: Gorostiaga, María
Formato: Libro
Publicado: Buenos Aires : Aique, 2010
Series:Colección Nueva Carrera Docente. Serie El abece de secundaria / dirigida por Silvina Gvirtz
Materias:
Etiquetas: Agregar Etiqueta
Sin Etiquetas, Sea el primero en etiquetar este registro!
LEADER 01230nam a22002055a 4500
001 CEM.cems013435
005 20101029123931.0
008 130507s2010##################000#0#####d
003 CEMS
020 |a 9789870602736 
082 0 4 |a 371.42 
100 1 |a Gorostiaga, María 
245 1 0 |a Cómo colaborar con la orientación vocacional de los jóvenes :  |b herramientas para orientadores, profesores y padres /  |c María Gorostiaga 
260 |a Buenos Aires :  |b Aique,  |c 2010 
300 |a 231 p. 
490 0 |a Colección Nueva Carrera Docente. Serie El abece de secundaria / dirigida por Silvina Gvirtz 
505 0 |a El alumno como protagonista : un proceso basado en múltiples perspectivas -- Los intereses - La motivación -- Los diversos tipos de inteligencia -- Las fortalezas y las competencias -- Los rasgos de personalidad -- La autoevaluación -- Las perspectivas de valores -- Las expectativas y las barreras -- La toma de decisión -- El proceso de decisión -- La orientación y la resilencia -- El profesor como orientador -- Las competencias sobresalientes -- La vinculación con el entorno comunitario 
653 |a Educación 
653 |a Orientacion vocacional 
859 |a CEMS  |b BIB. CEMS - 11 de abril  |h 371.42  |i G683  |p 26056.10  |t Ej.1